000 00963nmm a2200325 a 4500
003 AR-BaBNM
005 20251128210856.0
008 081020s1999 ||||||||||||||000 | spa||
020 _a950-507-570-7
040 _cAR-BaBNM
100 1 _aOrtiz de Maschwitz, Elena María
245 1 0 _aInteligencias múltiples en la educación de la persona
250 _a1ª ed.
260 _aBuenos Aires
_bBonum
_c1999
300 0 _a317 p.
_bdiagr., tablas
500 0 _aContiene referencias bibliográficas y anexo con actividades
650 4 _aPSICOLOGIA DE LA EDUCACION
650 4 _aDESARROLLO DE LA CREATIVIDAD
650 4 _aTEORIA DE LA INTELIGENCIA
650 4 _aCURRICULO
650 4 _aPROCESO COGNOSCITIVO
650 4 _aACTIVIDADES
650 4 _aEVALUACION DEL ALUMNO
650 4 _aAUTOEVALUACION
653 0 _aPSICOLOGIA COGNITIVA
653 0 _aESTRATEGIAS DIDACTICAS
653 0 _aPROYECTOS CURRICULARES
942 _cBK
998 _cRAQUEL
999 _c17266
_d17266